00795 a2200169 4500003000500000005001700005010001300022040000900035082001200044100001700056245005200073260003900125300001800164505039800182600001800580650002700598NUST20230126184342.0 a68019949 cNust a900,WIL aWill, Durant aThe lessons of history /cWill and Ariel Durant aSimon and SchusterbNew Yorkc1968 a82 p.;b26 cm aHesitations (Page-11), History and the Earth (Page-14), Biology and History (Page-18), Race and History (Page-25), Character and History (Page-32), Morals and History (Page-37), Religion and History (Page-43), Economics and History (Page-52), Socialism and History (Page-58), Government and History (Page-68), History and War (Page-81), Growth and Decay (Page-87), Is Progress Real (Page-95).  aDurant, Will, aThe lessons of history